000 00386 a2200109 4500
001 ART_63407
005 20260410162057.0
008 260409a
245 1 0 _aEfectos y alcance de la aplicación del proceso en ausencia (ley 27.784)
100 1 _aFiumara, Franco M.
773 0 _tTemas de derecho penal y procesal penal
_g- Año 7, N° 9/10 (sep./oct. 2025)
_wREV60798
999 _c36400
_d36400